| 000 | 00555nam a2200193Ia 4500 | ||
|---|---|---|---|
| 005 | 20250508154902.0 | ||
| 008 | 008 250505s9999 xx 000 0 eng d | ||
| 037 | _aTextual | ||
| 040 |
_aFEDL _beng _cFEDL |
||
| 041 |
_aeng _2eng |
||
| 084 |
_a372.4, EHR _qFEDL |
||
| 100 |
_aEhrilich Eugene _9766307 |
||
| 245 | 0 | _aCollege developmental reading | |
| 260 |
_aNew York, USA _bThe Free Press _c1968 |
||
| 300 | _axxix,328p. | ||
| 700 |
_a Murphy Daniel Pace Dorothy R _9766308 |
||
| 942 |
_cTEXL _h372.4, EHR |
||
| 999 |
_c1352616 _d1352616 |
||